| 000 | 00621nam a22002297a 4500 | ||
|---|---|---|---|
| 001 | 8145 | ||
| 003 | FISKH | ||
| 005 | 20250828123154.0 | ||
| 008 | 250828b cb ||||| |||| 00| 0 eng d | ||
| 020 | _a11193838 | ||
| 040 |
_aFISKH _beng _cFISKH _dFISKH |
||
| 050 | _aPZ7 | ||
| 100 | _aUnknown Arthor | ||
| 245 |
_aChhota Birbal the treasures of Dwarka / _cBy Unknown Author |
||
| 260 |
_aDenmark : _bEgmont Imagination , |
||
| 300 |
_a24 pages : _bcolor illustrations ; _c20 cm . |
||
| 505 | _aJ | ||
| 521 | 8 |
_a500
_bLexile estimate |
|
| 521 | 8 |
_aJ
_bRaz-Plus |
|
| 942 |
_2ddc _cBK _n0 |
||
| 999 |
_c8145 _d8145 |
||